Pays bordant la Mer Rouge - Statistiques

Statistiques générales
  • Ce quiz a été pris 104 fois
    70 depuis la dernière actualisation
  • Le résultat moyen est 5 sur 6
Statistiques - réponses
Pays % Correct
Égypte
98%
Arabie Saoudite
95%
Yémen
93%
Érythrée
85%
Soudan
85%
Djibouti
82%
Aucun quiz correspondant
Distribution des résultats
% des personnes avec chaque résultat
Percentile par nombre de réponses
Votre historique - résultats
Vous n’avez pas pris ce quiz depuis la dernière actualisation